Electoral College Shenanigans Quiz Stats

 Plays Quiz Updated Dec 19, 2016

Challenge
Share
Tweet
Embed
Score 0/24 Timer 05:00
3 Plays Today
% Correct
Richard Nixon
82.6%
Aaron Burr
82.1%
Bernie Sanders
77.8%
Al Gore
77.5%
Stephen Douglas
75.8%
John Kasich
75.8%
Elbridge Gerry
72.8%
Colin Powell
72.2%
George Wallace
69.9%
George Clinton
66.5%
Thomas Jefferson
64%
Gerald Ford
58.4%
% Correct
Ron Paul
55.1%
John Quincy Adams
52.8%
Lloyd Bentsen
51.7%
Strom Thurmond
51.5%
Martin Van Buren
46.2%
Adlai Stevenson
41.5%
Geraldine Ferraro
40.8%
John Edwards
34.9%
Horace Greeley
29.7%
John Hospers
22.2%
Richard Mentor Johnson
13.8%
William Smith
11.1%

You're not logged in!

Compare scores with friends on all Sporcle quizzes.
OR
Log In

You Might Also Like...

Show Comments

Extras

Top Quizzes Today


Score Distribution

Your Account Isn't Verified!

In order to create a playlist on Sporcle, you need to verify the email address you used during registration. Go to your Sporcle Settings to finish the process.

Report this User

Report this user for behavior that violates our Community Guidelines.

Details: